000 01213nam a22003617a 4500
003 CHAP
005 20220817042913.0
008 971013s1978 r 00010 d
010 _a59432
011 _a60404
035 _a64566
040 _cCHAP
090 _aTesis
100 0 0 _aLlamas Lamas, Gerardo.
245 _aValor nutrítico de la harina de banano (Musa sapientum) verde con cáscara en la alimentación del pollo de engorda
260 _aMéxico, D.F. :
_bEl autor,
_c1978
300 _a46 h.
502 _aTesis (Médico Veterinario Zootecnista) -- UNAM. Fac. de Medicina Veterinaria y Zootecnia
590 _aALEPH
_b10
_c20130110
590 _aBATCH-UPD
_b10
_c20130110
590 _aBATCH-UPD
_b10
_c20130110
590 _aBATCH-UPD
_b10
_c20130409
590 _aBATCH-UPD
_b10
_c20130410
590 _aBATCH-UPD
_b10
_c20130914
590 _aCONVERSION
_b10
_c20130109
650 1 4 _aAlimentos y alimentación del ganado
_xValor nutritivo.
_94347
650 1 4 _aAves de corral
_xAlimentación.
_98638
650 1 4 _aHarina de plátano.
_952724
650 1 4 _aPlátano en alimentación animal.
_989285
901 _aBK
942 _cTESIS
_2ddc
949 _bBC
_cTES
_d-141003
_eTS1
_i64566
_si
999 _c59432
_d59432